000 00767 a2200229 4500
005 20260409125130.0
020 _a97817792844604
050 0 0 _aK 564
_bMUR 2025
100 _aMurinda,Lazarus
_eauthor
245 0 0 _aArtificial intelligence and law :
_bEmerging Legal,Ethical and Regulatory Issues /
_cLazarus Murinda
264 _aZimbabwe :
_bUniversity of Zimbabwe Press,
_c2025
300 _a302 pages
_billustrations
336 _atext
_btxt
_2rdacontent
337 _aunmediated
_bn
_2rdamedia
338 _avolume
_bnc
_2rdacarrier
500 _a"An international journal."
650 0 _xLaw------Emerging legal regulatory
650 0 _xLaw-------Ethical issues
650 0 _xLaw ----Artificial intelligence
942 _2lcc
_cBK
_h564
_iMUR
_kK
999 _c11660
_d11660